000 00650nam a22002177a 4500
003 UA-OsUOA
001 55950
007 ta
008 20080924b un ||||| |||| 00| 0 ukr d
100 _aВасильченко З.
090 _a330
_bВ19
942 _cSA
040 _aUA-OsUOA
_bukr
_cUA-OsUOA
_dUA-OsUOA
245 _aМетодологічні аспекти дослідження сутності банківських установ як фінансових посередників
300 _aС.11-24
955 _a0
041 _aukr
080 _a330
773 0 _w55948
650 7 _a330 Економіка взагалі
_2UDC
999 _c341940
_d341940